Tomatina Curatodo, Cura Nada Sin Amor / (Record no. 3476)

MARC details
000 -LEADER
campo de control de longitud fija 00317nam a2200121Ia 4500
005 - FECHA Y HORA DE LA ÚLTIMA TRANSACCIÓN
campo de control 20260330112750.0
008 - DATOS DE LONGITUD FIJA--INFORMACIÓN GENERAL
campo de control de longitud fija 260330s9999||||xx |||||||||||||| ||und||
020 ## - NÚMERO INTERNACIONAL ESTÁNDAR DEL LIBRO
Número Internacional Estándar del Libro 9789587585292
041 ## - CÓDIGO DE IDIOMA
Código de lengua del texto/banda sonora o título independiente spa
100 ## - ENTRADA PRINCIPAL--NOMBRE DE PERSONA
Nombre de persona Osorio Villada, Andrea
245 #0 - MENCIÓN DEL TÍTULO
Título Tomatina Curatodo, Cura Nada Sin Amor /
Mención de responsabilidad, etc. Maria Del Sol
942 ## - ELEMENTOS DE ENTRADA SECUNDARIOS (KOHA)
Tipo de ítem Koha Libro de literatura

No items available.